Banky a menová politika v EMÚ

Vytvorenie a stabilita menovej únie. Zmeny v centrálnom bankovníctve. Menové agregáty v Eurosystéme. Menová politika NBS.

Salvato in:
Dettagli Bibliografici
Autore principale: Kotlebová, Jana, 1969-
Natura: Capitolo di libro
Lingua:slovacco
Soggetti:
Tags: Aggiungi Tag
Nessun Tag, puoi essere il primo ad aggiungerne!!

MARC

LEADER 00000naa$a2200000$$$4500
001 0002487
005 20230825103218.1
041 0 |a slo 
044 |a SK 
245 1 0 |a Banky a menová politika v EMÚ  |c aut. Jana Kotlebová 
520 |a Vytvorenie a stabilita menovej únie. Zmeny v centrálnom bankovníctve. Menové agregáty v Eurosystéme. Menová politika NBS. 
610 2 0 |a Európska únia 
610 2 0 |a únie menové 
610 2 0 |a politika menová 
610 2 0 |a NBS Bratislava 
100 1 |a Kotlebová, Jana, 1969-